عرض عادي
عرض مارك
- Computing Technology Industry Association
مدخل إسم هيئة
001 - رقم الضبط
- حقل الضبط: 41306
003 - معرف رقم الضبط
- حقل الضبط: OSt
005 - تاريخ ووقت أخر عملية
- حقل الضبط: 20140105160653.0
008 - عناصر بيانات ثابتة الطول
- حقل تحكم ثابت الطول: 140105|||a|||||| | ||| d
040 ## - مصدر الفهرسة
- هيئة الفهرسة الأصلية: OSt
- وكالة الكتابة: OSt
110 ## - مدخل -- أسم شخص
- اسم الهيئه او اسم السلطه كعنصر مدخل: Computing Technology Industry Association
- تفريع عام: Examinations
- تفريع شكلي: Study guides.
670 ## - بيانات المصدر موجوده
- الاستشهاد بالمصدر: Work cat.: (OSt)0: Meyers, Michael, 1961-, CompTIA Network+ exam guide :, c2012.
